Grotowski : del teatre a l'art com a vehicle / Pere Sais del teatre a l'art com a vehicle / Pere Sais
ISBN:
978-84-9803-314-4
Descripción Física:
95 p. ; 18 cm
Colección:
Materials Pedagògics ; 8
MARC
| LEADER | 00000nam a2200000Ia 4500 | ||
|---|---|---|---|
| 001 | 21754 | ||
| 008 | 160829s2009 xx 000 0 cat d | ||
| 020 | |a 978-84-9803-314-4 | ||
| 080 | |a L-2-103 | ||
| 100 | |a Sais, Pere |9 45818 | ||
| 245 | |a Grotowski : |b del teatre a l'art com a vehicle / Pere Sais | ||
| 260 | |a Barcelona : |b Diputació de Barcelona : |b Institut del Teatre, |c 2009 | ||
| 300 | |a 95 p. ; |c 18 cm | ||
| 490 | |a Materials Pedagògics ; 8 | ||
| 590 | |a Bibliografia | ||
| 650 | |a Grotowski, Jerzy |x Crítica i interpretació |9 45819 | ||
| 710 | 1 | |a Institut del Teatre (Barcelona, Catalunya) |9 52662 | |
| 710 | 1 | |a Barcelona (Catalunya : Província). |b Diputació |9 52408 | |
| 901 | |a Arxiu | ||
| 942 | |n 1 | ||
| 952 | |0 0 |1 0 |4 0 |6 L2103 |7 1 |9 52826 |a Arxiu |b Arxiu |d 2016-12-01 |l 0 |o L-2-103 |p 21754 |r 2016-12-01 00:00:00 |w 2016-12-01 |y ARXIU | ||
| 999 | |c 56675 |d 56675 | ||